| 000 | 00704 a2200289 4500 | ||
|---|---|---|---|
| 003 | DLC | ||
| 005 | 20260325144601.0 | ||
| 008 | 2024s2024 xx 000 0 eng d | ||
| 020 | _a9780323711906 | ||
| 040 |
_aDLC _beng |
||
| 050 | 4 | _aRD94 .B79 2024 | |
| 100 | 1 |
_aRuth Bryant _eauthor. |
|
| 245 | 1 | 0 |
_aAcute and Chronic Wounds _cRuth Bryant. |
| 264 | 1 |
_bElsevier _c2024 |
|
| 300 | _axii, 803p. | ||
| 336 | _2koha | ||
| 338 | _2koha | ||
| 650 | 0 | _aWounds and injuries, treatment | |
| 650 | 0 | _aSurgical wound infections | |
| 650 | 0 | _aNursing | |
| 650 | 0 | _aSkin | |
| 650 | 0 | _aUlcers | |
| 650 | 0 | _aWound healing | |
| 650 | 0 | _aWounds and Injuries | |
| 650 | 0 | _aEnterostomy | |
| 942 |
_2lcc _cBK |
||
| 999 |
_c44171 _d44171 |
||